Quel est cet album de Ric Hochet... - Statistiques

Statistiques générales
  • Ce quiz a été pris 41 fois
  • Le résultat moyen est 57 sur 84
Statistiques - réponses
Hint Réponse % Correct
Hyères / Disparition / Drumont 02 - Mystère a Porquerolles
89%
Aéro-club / Sabotage / Valloire 03 - Defi a Ric Hochet
89%
Caméléon / Bourdon / Ridicule 04 - L'Ombre du Cameleon
89%
Hermelin / Paquebot / New York 06 - Rapt sur le France
89%
Provence / Horoscope / Incendie 19 - Les Signes de la Peur
89%
Région parisienne / Crise cardiaque / Tracé 23 - La Ligne de Mort
89%
Bourdon / Jugement / Condamnation 32 - Tribunal noir
89%
Carte postale / Varaiso / Dictature 39 - Le disparu de l'enfer
89%
Spiritisme / Sherlock Holmes / Crime parfait 44 - Ric Hochet contre Sherlock
89%
Chanteur Lionel / Barbu / Chanson 07 - Suspense à la Television
78%
Coffre-fort intelligent / Quai des Orfèvres / Traître 11 - Cauchemar pour Ric Hochet
78%
Ecrivain / Créatures mystérieuses / Pyrénées 12 - Les Spectres de la Nuit
78%
TV / Défi / Satan 13 - Les Compagnons du Diable
78%
Ardennes / Loup-garou / 200 habitants 15 - Le Monstre de Noireville
78%
Enlèvement / Prix Citron / Hermelin 16 - Requiem pour une Idole
78%
Finistère / OVNI / Supercherie 21 - Alerte Extraterrestres
78%
3 inconnus / 3 forfaits / Messidor 22 - Le Trio Maléfique
78%
Cirque / L'Anglais / Accidents 25 - Coups de Griffes chez Bouglione
78%
Richardière / Richard / Récidive 27 - L'Epée sur la Gorge
78%
Pilotage / Chasse / Bourreau 28 - Hallali pour Ric Hochet
78%
Tommy Carra / Star / Rumeurs 29 - Opération 100 Milliards
78%
Histoires courtes / Tintin-sélection / 9 31 - K.O. en 9 rounds
78%
En mer / Crise cardiaque / Ombre 40 - Le double qui tue
78%
Phénomènes paranormaux / Isabelle Sully / Canulard ? 41 - La maison de la vengeance
78%
Knokke-le-Zoute / Adolescente / Possédée 43 - Les messagers du trépas
78%
Napoléon Jones / Agatha Christie / Murder-party 48 - Le secret d'Agatha
78%
Yacht Coeur de Lion / Richard / Sinister 59 - La main de la mort
78%
Nadine / Disparition / Informatique 60 - Crime sur internet
78%
David Copperfield / Cagliostro / Tour Eiffel 61 - Le jeu de la potence
78%
BD / Tueurs en série / Portraits 62 - B.D. meurtres
78%
Télé-réalité / Lulli-Lulla / Malédiction 66 - Penthouse story
78%
666 / Fausse BD / Enlèvement 67 - Le nombre maudit
78%
Bruxelles / Brocante / Pitje Snot 72 - Le Trésor des Marolles
78%
Luxembourg / Tueuse / Jardins Nouvelles enquêtes : 2 - Meurtres dans un jardin français
78%
Signé Caméléon / Armateur / Enlèvement 01 - Traquenard au Havre
67%
TV / Auberge des trois clefs / Accident 05 - Piege pour Ric Hochet
67%
Racket / Pays-Bas / Explosion 08 - Face au Serpent
67%
Hermelin / Laser / Diamant 09 - Alias Ric Hochet
67%
Le Marquis / Sportifs / Echecs 10 - Les Cinq Revenants
67%
Chirurgien / Esthétique / Bandages 24 - La Piste Rouge
67%
Spéléologue / Spectre / Chimiste ancien 30 - Le Fantôme de l'Alchimiste
67%
Angleterre / Ecrivain / Enigme 34 - La nuit des vampires
67%
Volatilisés / Anny Huston / Hôtel 35 - La Mort noire
67%
TV / Coupables impunis / Richard 38 - Face au crime
67%
Raphaël / Attentat / Condamné 42 - La liste mortelle
67%
Bourreau / Hermelin / Trio 45 - Le triangle Attila
67%
Humanoïdes / Millénaire / Epouvante 50 - Le crime de l'an 2000
67%
Films d'épouvante / Karen Andersen / Personnalités 54 - Le masque de la terreur
67%
Raynal / Psychose / Crime parfait 55 - Qui a peur d'Hitchcock?
67%
Sénateur / Belgique / Van Burg 57 - L'heure du kidnapping
67%
Voyante / Erreur / Ardennes 63 - La sorcière... ...mal aimée
67%
Barnex / Bourreau / DEUS 65 - Panique sur le web
67%
Sports d'hiver / Raspoutine / Zizanov 69 - L'homme de glace
67%
DVD / Explosif silencieux / Dr Euthanasy 70 - Silence de mort
67%
Marco Agnellys / Ornella / Enlèvement 71 - La Dernière Impératrice
67%
Acteur / Bourreau / Angel 73 - On Tue au Théatre Ce Soir
67%
Allégria / Richard / Bourreau 74 - Puzzle Mortel
67%
Dihouny / Perte de mémoire / Illusions 75 - Code Pour l'Au-Delà
67%
Drumont / Chantage / Affaire non élucidées 76 - Dernier Duel
67%
Caméléon / Sosie / Surprenant Nouvelles enquêtes : 1 - R.I.P., Ric !
67%
Echange / Sénégal / Cupidon Nouvelles enquêtes : 5 - Commissaire Griot
67%
Espion / Etranger / Porsche piégée 14 - RH contre le Bourreau
56%
Ardèche / Amnésique / Policiers 17 - Epitaphe pour Ric Hochet
56%
Agressions / Equipier / Malchanceux 20 - L'Homme qui Portait Malheur
56%
If / Réincarnation / Malédiction 26 - L'Ennemi à Travers les Siècles
56%
Gourou / Fils / Chantage 37 - Le maléfice vaudou
56%
Angers / Corbeau / Aveugle 51 - La bête de l'Apocalypse
56%
Québec / Répartie / Coupe du monde 53 - Meurtre à l'impro
56%
Histoires courtes / Débuts / Tintin-Sélection, Tintin-Spécial et Super-Tintin 58 - Premières armes
56%
La Rafale / Rachat / Barnex 64 - Le contrat du siècle
56%
666 / Financiers / Attentats 68 - Le collectionneur de crimes
56%
Monsieur Bombe / Calewski / Jeu 78 - A la poursuite du griffon d'or
56%
Manuel / Série de crimes / Crime parfait Nouvelles enquêtes : 3 - Comment réussir un assassinat
56%
PMU / Faux aveugle / Gains Nouvelles enquêtes : 6 - Le Tiercé de la Mort
56%
Rumeur / Faux témoins / Machination 33 - Le scandale Ric Hochet
44%
Lanzac / Explosion / Bras 36 - La flèche de sang
44%
Bruxelles / Fiancée / Apparences 46 - Les témoins de Satan
44%
Richard / Tueur / Repentis 49 - L'exécuteur des ténèbres
44%
Paris / Milliardaire américain / Jack l'éventreur 52 - Le maître de l'illusion
44%
Feuilleton / Démon de Minuit / Tibet et André-Paul Duchâteau 77 - "Ici 77 !..."
44%
Fléchette / Héritier / Armateur 18 - Enquetes dans le Passé
33%
Vengeance / Passé / Duo 47 - Les jumeaux diaboliques
33%
Richard / Orphelin / Service militaire Nouvelles enquêtes : 4 - Tombé pour la France
33%
Août / Tueur / Vacances Nouvelles enquêtes : 7 - Crimes-sur-Mer
22%
Aucun quiz correspondant
Distribution des résultats
% des personnes avec chaque résultat
Percentile par nombre de réponses
Votre historique - résultats
Vous n’avez pas pris ce quiz